Statistics on industrial disputes, closures, retrenchments and lay-offs in India (Record no. 488296)

000 -LEADER
fixed length control field 00516cam a22001217a 4500
008 - FIXED-LENGTH DATA ELEMENTS--GENERAL INFORMATION
fixed length control field 180718b-- xxu||||| |||| 00| 0 eng d
082 ## - DEWEY DECIMAL CLASSIFICATION NUMBER
Classification number T20651x54 St29
245 ## - TITLE STATEMENT
Title Statistics on industrial disputes, closures, retrenchments and lay-offs in India
Statement of responsibility, etc. by Labour Bureau. Ministry of Labour and Employment
260 ## - PUBLICATION, DISTRIBUTION, ETC.
Place of publication, distribution, etc. Shimla
Name of publisher, distributor, etc. Labour Bureau, Ministry of Labour and Employment
Date of publication, distribution, etc. --
500 ## - GENERAL NOTE
General note Library has 2005
650 ## - SUBJECT ADDED ENTRY--TOPICAL TERM
Topical term or geographic name entry element Industry - Statistics - India
700 ## - ADDED ENTRY--PERSONAL NAME
Personal name India. Ministry of Labour and Employment. Labour Bureau
Holdings
Withdrawn status Lost status Damaged status Not for loan Permanent Location Current Location Date acquired Full call number Barcode Date last seen Price effective from Koha item type
        Indian Institute of Public Administration Indian Institute of Public Administration 2018-08-04 T20651x54 St29 GG29062 2018-08-04 2018-08-04 GG

Powered by Koha